| 000 | 00698nam a22002055i 4500 | ||
|---|---|---|---|
| 001 | 161866 | ||
| 003 | ES-MaACL | ||
| 005 | 20250804062627.0 | ||
| 008 | 950206s1890 sp |||| | spa d | ||
| 040 |
_aAS _bspa _cCCPB | PA2 |
||
| 100 | 1 |
_aPérez Galdós, Benito, _d1843-1920 _990871 |
|
| 245 | 1 | 0 |
_aRealidad _b: novela en cinco jornadas / _cB. Pérez Galdós. |
| 260 |
_aMadrid : _b[s.n.], _c1890 ( _fImprenta de La Guirnalda) |
||
| 300 |
_a438 p. ; _c19 cm. |
||
| 490 | 1 | _aNovelas españolas contemporáneas | |
| 752 |
_aEspaña - _dMadrid |
||
| 830 | 0 |
_aNovelas españolas contemporáneas _9186439 |
|
| 852 |
_aES-MaACL _jR-2252 _z-- Enc. piel. Olim: B-5789. |
||
| 999 |
_c161866 _d161866 |
||